书目信息 |
| 题名: |
面向网络协同制造的农机装备供应链关键技术及应用
|
|
| 作者: | 吕锋 著 | |
| 分册: | ||
| 出版信息: | 北京 化学工业出版社 2024.07 |
|
| 页数: | 149页 | |
| 开本: | 24cm | |
| 丛书名: | ||
| 单 册: | ||
| 中图分类: | F426.4 | |
| 科图分类: | ||
| 主题词: | 农业机械--制造工业--供应链管理--研究--中国 | |
| 电子资源: | ||
| ISBN: | 978-7-122-45686-1 | |
| 000 | 01121nam0 2200241 450 | |
| 001 | 013061794 | |
| 005 | 20251022180415.45 | |
| 010 | @a978-7-122-45686-1@b精装@dCNY99.00 | |
| 100 | @a20240807d2024 em y0chiy0120 ea | |
| 101 | 0 | @achi |
| 102 | @aCN@b110000 | |
| 105 | @ay z 000yy | |
| 106 | @ar | |
| 200 | 1 | @a面向网络协同制造的农机装备供应链关键技术及应用@9mian xiang wang luo xie tong zhi zao de nong ji zhuang bei gong ying lian guan jian ji shu ji ying yong@f吕锋著 |
| 210 | @a北京@c化学工业出版社@d2024.07 | |
| 215 | @a149页@d24cm | |
| 300 | @a国家重点研发计划项目“农业装备制造产业集聚区域网络协同制造集成技术研究与应用示范” 科技部创新方法工作专项“农机装备智能制造创新方法系统性应用研究与示范”阶段性成果 | |
| 330 | @a本书立足于网络协同制造技术,以农机装备企业及其供应链为研究对象,从农机装备需求预测、供应链库存控制、供应链物料配送和供应链信息协同四个维度,重点介绍了面向网络协同制造的农机装备供应链关键技术。 | |
| 606 | 0 | @a农业机械@x制造工业@x供应链管理@x研究@y中国 |
| 690 | @aF426.4@v5 | |
| 701 | 0 | @a吕锋@9lv feng@4著 |
| 801 | 0 | @aCN@c20250905 |
| 905 | @a河南城建学院图书馆@dF426.4@eL890@ZL890@f1 | |
| 面向网络协同制造的农机装备供应链关键技术及应用/吕锋著.-北京:化学工业出版社,2024.07 |
| 149页;24cm |
| 国家重点研发计划项目“农业装备制造产业集聚区域网络协同制造集成技术研究与应用示范” 科技部创新方法工作专项“农机装备智能制造创新方法系统性应用研究与示范”阶段性成果 |
| ISBN 978-7-122-45686-1(精装):CNY99.00 |
| 本书立足于网络协同制造技术,以农机装备企业及其供应链为研究对象,从农机装备需求预测、供应链库存控制、供应链物料配送和供应链信息协同四个维度,重点介绍了面向网络协同制造的农机装备供应链关键技术。 |
| ● |
| 相关链接 |
|
|
|
正题名:面向网络协同制造的农机装备供应链关键技术
索取号:F426.4/L890
 
预约/预借
| 序号 | 登录号 | 条形码 | 馆藏地/架位号 | 状态 | 备注 |
| 1 | 1631454 | 216314548 | 社科库409/409社科库 36排2列5层/ [索取号:F426.4/L890] | 在馆 |